Alvar Aalto architect. Sunila 1936-1954
Salvato in:
| Natura: | Libro |
|---|---|
| Lingua: | inglese |
| Pubblicazione: |
Helsinki :
Alvar Aalto Foundation,
2006
|
| Soggetti: | |
| Tags: |
Nessun Tag, puoi essere il primo ad aggiungerne!!
|
MARC
| LEADER | 00000nam a22000003a 4500 | ||
|---|---|---|---|
| 001 | stu127850 | ||
| 005 | 20141122154024.7 | ||
| 008 | 061012s2006------------------------eng-d | ||
| 020 | |a 952-5498-04-2 | ||
| 040 | |a STU |b slo | ||
| 041 | 0 | |a eng | |
| 245 | |a Alvar Aalto architect. Sunila 1936-1954 | ||
| 260 | |a Helsinki : |b Alvar Aalto Foundation, |c 2006 | ||
| 300 | |a 176 s | ||
| 650 | 7 | |a Aalto, Alvar |2 stusub | |
| 650 | 7 | |a architekti európski |2 stusub | |
| 996 | |b 284AU03175 |c A*4854 U |l AAKNST |s P |a 0 |w stu127850_0001 | ||